| LEADER 01174nam 2200277 a 4500 |
| 001 12334107461 |
| 003 ULIB |
| 008 030417s2550 th a sb 001 0 tha |
| 020 ^a9747787016
|
| 060 04 ^aWY100^bน927 2550 ล.2
|
| 245 00 ^aแนวคิดพื้นฐานและหลักการพยาบาล^nเล่ม 2 /^cอภิญญา เพียรพิจารณ์ บรรณาธิการ
|
| 250 ^aพิมพ์ครั้งที่ 10
|
| 260 ^aนนทบุรี :^bโครงการสวัสดิการวิชาการ สถาบันพระบรมราชชนก,^c2550
|
| 300 ^a487 หน้า :^bภาพประกอบ
|
| 520 ^aหนังสือเล่มนี้เสนอเนื้อหาการพยาบาลเบื้องต้น ประกอบด้วยเนื้อหา การดูแลช่วยเหลือบุคคลที่ได้รับภยันตราย การดูแลช่วยเหลือบุคคลที่มีปัญหาเกี่ยวกับการรับประทานอาหาร การให้ความรู้แก่บุคคลเกี่ยวกับการบริหารยา การดูแลช่วยเหลือบุคคลที่มีปัญหาเกี่ยวกับการขับถ่ายอุจจาระ การดูแลช่วยเหลือบุคคลที่มีปัญหาเกี่ยวกับการขับถ่ายปัสสาวะ การรับใหม่และจำหน่ายผู้ป่วย การดูแลช่วยเหลือดและเตรียมผู้ป่วยเพื่อการตรวจชนิดต่างๆ และการเก็บสิ่งส่งตรวจ
|
| 650 7 ^aการพยาบาล
|
| 650 7 ^aการพยาบาลเบื้องต้น
|
| 700 0 ^aอภิญญา เพียรพิจารณ์,^eบรรณาธิการ
|
| 710 2 ^aสถาบันพระบรมราชชนก.^bโครงการสวัสดิการวิชาการ
|
| 913 ^aImported by ULIBM Administrator
|
| 949 ^aImport form external file by ULIBM system
|
| 999 ^aสุณิสา
|